000 00544nam a2200193 4500
001 131609
003 ES-MaACL
005 20230906194019.0
007 t|
008 070214s1964 sp r ||||1| cat d
100 1 _aRodríguez-Bernabéu, Emili.
_998381
245 1 0 _aPoemes de la fi /
_cEmili Rodríguez-Bernabéu.
260 _aValencia :
_bTorre,
_c1964.
300 _a54 p. :
_bil. ;
_c18 cm.
490 1 _aL'espiga ;
_v50
830 0 _aL'espiga ;
_v50
_9181905
852 _aES-MaACL
_j2030-F-19
_bR.54001
999 _c131609
_d131609